[Event "11th EUR-ch"]
[Site "Rijeka CRO"]
[Date "2010.03.11"]
[Round "6"]
[White "Zelic, Mladen"]
[Black "Bartel, Mateusz"]
[Result "0-1"]
[WhiteElo "2306"]
[BlackElo "2634"]
[EventDate "2010.03.06"]
[PlyCount "56"]

1.e4 c5 2.d4 cxd4 3.c3 dxc3 4.Nxc3 e6 5.Nf3 a6 6.Bc4 b5 7.Bb3 Bb7 8.Qe2 d6
9.O-O Nd7 10.Rd1 Ngf6 11.Bf4 b4 12.Nd5 exd5 13.exd5+ Be7 14.Bxd6 Kf8 15.
Bxe7+ Qxe7 16.Qd2 Qd6 17.Nd4 a5 18.Rac1 Re8 19.Nb5 Qb6 20.Nc7 Re5 21.d6 g5
22.Re1 Ne4 23.Qe2 Kg7 24.Qf3 Nxd6 25.Nd5 Bxd5 26.Bxd5 Rhe8 27.Rxe5 Rxe5 
28.h4 Rf5 0-1

[Event "11th EUR-ch"]
[Site "Rijeka CRO"]
[Date "2010.03.11"]
[Round "6"]
[White "Bakalarz, Mieczyslaw"]
[Black "Nijboer, Friso"]
[Result "0-1"]
[WhiteElo "2300"]
[BlackElo "2562"]
[EventDate "2010.03.06"]
[PlyCount "110"]

1.e4 c5 2.c3 Nf6 3.e5 Nd5 4.d4 cxd4 5.Nf3 Nc6 6.Bc4 Nb6 7.Bb3 d5 8.exd6 
Qxd6 9.O-O Be6 10.Na3 dxc3 11.Nb5 Qxd1 12.Rxd1 Rc8 13.Bxe6 fxe6 14.Nxc3 g6
15.Ng5 e5 16.Ne2 Bg7 17.b3 h6 18.Ne4 Kf7 19.Be3 Rhd8 20.Rxd8 Rxd8 21.Bxb6 
axb6 22.Rc1 b5 23.a4 b4 24.Kf1 Na5 25.f3 b6 26.Rb1 h5 27.Ng5+ Kg8 28.Ng3 
Bf6 29.N3e4 Rd3 30.Ke2 Rxb3 31.Rxb3 Nxb3 32.Kd3 Bxg5 33.Nxg5 Nc5+ 34.Kc4 
b3 35.Kc3 Nxa4+ 36.Kxb3 Nc5+ 37.Kc4 Kg7 38.Kb5 Kf6 39.Nh7+ Kf5 40.Kxb6 Nd3
41.Kc6 Ne1 42.g4+ hxg4 43.fxg4+ Kxg4 44.Kd5 Kf5 45.Nf8 Nf3 46.Ne6 Nxh2 47.
Ng7+ Kf6 48.Ne8+ Kf7 49.Nc7 Ng4 50.Ke4 e6 51.Na6 Kf6 52.Nc5 Ke7 53.Nd3 Kd6
54.Kf3 Nf6 55.Nf2 g5 0-1

[Event "11th EUR-ch"]
[Site "Rijeka CRO"]
[Date "2010.03.11"]
[Round "6"]
[White "Nedochetov, Mikhail"]
[Black "Goganov, Alexei"]
[Result "1/2-1/2"]
[WhiteElo "2299"]
[BlackElo "2492"]
[EventDate "2010.03.06"]
[PlyCount "37"]

1.d4 d5 2.Nf3 Nf6 3.c4 e6 4.Nc3 c6 5.Bg5 h6 6.Bxf6 Qxf6 7.e3 Nd7 8.Bd3 
dxc4 9.Bxc4 g6 10.O-O Bg7 11.e4 e5 12.d5 Nb6 13.Bb3 Bg4 14.Rc1 O-O 15.h3 
Bxf3 16.Qxf3 Qxf3 17.gxf3 Rfd8 18.Rfd1 Rac8 19.dxc6 1/2-1/2

[Event "11th EUR-ch"]
[Site "Rijeka CRO"]
[Date "2010.03.11"]
[Round "6"]
[White "Popilski, Gil"]
[Black "Baghdasarian, Vahe"]
[Result "1-0"]
[WhiteElo "2441"]
[BlackElo "2284"]
[EventDate "2010.03.06"]
[PlyCount "23"]

1.e4 c5 2.Nf3 Nc6 3.d4 cxd4 4.Nxd4 e5 5.Nb5 d6 6.N1c3 a6 7.Na3 b5 8.Nd5 
Nce7 9.c4 Nxd5 10.exd5 bxc4 11.Nxc4 Nf6 12.Bd2 1-0

[Event "11th EUR-ch"]
[Site "Rijeka CRO"]
[Date "2010.03.11"]
[Round "6"]
[White "Tosic, Miroslav"]
[Black "Pesotskyi, Vitaly"]
[Result "1-0"]
[WhiteElo "2439"]
[BlackElo "2282"]
[EventDate "2010.03.06"]
[PlyCount "60"]

1.Nf3 Nf6 2.c4 c5 3.g3 Nc6 4.Bg2 d6 5.d4 cxd4 6.Nxd4 Bd7 7.b3 Qa5+ 8.Bd2 
Qh5 9.Bc3 e5 10.Nb5 O-O-O 11.Bxc6 bxc6 12.Nxd6+ Bxd6 13.Qxd6 e4 14.Be5 Kb7
15.Qc7+ Ka8 16.Bd4 c5 17.Bxc5 Qxe2+ 18.Kxe2 Bg4+ 19.Kf1 Rd1+ 20.Kg2 Bf3+ 
21.Kh3 Rd7 22.Qc6+ Rb7 23.Nd2 Bg4+ 24.Kg2 Rc8 25.Qxc8+ Bxc8 26.h3 Rd7 27.
Be3 h5 28.Rhd1 Re7 29.Nb1 Re8 30.Nc3 Bd7 1-0

[Event "11th EUR-ch"]
[Site "Rijeka CRO"]
[Date "2010.03.11"]
[Round "6"]
[White "Gutov, Andrey"]
[Black "Voiteanu, Gabriel"]
[Result "1/2-1/2"]
[WhiteElo "2437"]
[BlackElo "2254"]
[EventDate "2010.03.06"]
[PlyCount "78"]

1.e4 e5 2.Nf3 Nf6 3.Nc3 Bb4 4.Nxe5 O-O 5.Be2 Re8 6.Nd3 Bxc3 7.dxc3 Nxe4 8.
Nf4 d6 9.O-O Nd7 10.c4 Nf8 11.f3 Nf6 12.b3 Ng6 13.Nxg6 hxg6 14.Bb2 Bf5 15.
Re1 Qe7 16.g4 Qe3+ 17.Kg2 Bd7 18.Qd4 Bc6 19.Qxe3 Rxe3 20.Bd4 Re7 21.Kf2 b6
22.Bd3 Rae8 23.Rxe7 Rxe7 24.h4 Re6 25.Be2 Nd7 26.g5 a5 27.a3 Re8 28.Rh1 
Ne5 29.Rh2 Bd7 30.h5 gxh5 31.Rxh5 Ng4+ 32.Ke1 Ne3 33.Bxe3 Rxe3 34.Rh2 Re5 
35.Rg2 Bh3 36.Rh2 Be6 37.Rg2 Bh3 38.Rh2 Bc8 39.Rg2 Bh3 1/2-1/2

[Event "11th EUR-ch"]
[Site "Rijeka CRO"]
[Date "2010.03.11"]
[Round "6"]
[White "Boskovic, Drasko"]
[Black "Spichkin, Alexander"]
[Result "1-0"]
[WhiteElo "2434"]
[BlackElo "2241"]
[EventDate "2010.03.06"]
[PlyCount "59"]

1.d4 d5 2.Bf4 Bg4 3.h3 Bh5 4.c4 Nc6 5.Nc3 e6 6.g4 Bg6 7.Bg2 Nf6 8.Nf3 Bb4 
9.Ne5 Nxe5 10.dxe5 Bxc3+ 11.bxc3 Ne4 12.Qb3 Qh4 13.O-O O-O 14.cxd5 h5 15.
d6 c6 16.Qc4 hxg4 17.Bxe4 Bxe4 18.Qxe4 Rad8 19.Rab1 b6 20.Qa4 Ra8 21.Qa6 
Rfb8 22.Qd3 gxh3 23.Bg3 Qh5 24.Kh2 a5 25.f4 f5 26.Qf3 Qh6 27.Bf2 b5 28.Rg1
b4 29.Rg5 Rb5 30.Rbg1 1-0

[Event "11th EUR-ch"]
[Site "Rijeka CRO"]
[Date "2010.03.11"]
[Round "6"]
[White "Veleski, Robert"]
[Black "Cioara, Andrei-Nestor"]
[Result "1/2-1/2"]
[WhiteElo "2278"]
[BlackElo "2430"]
[EventDate "2010.03.06"]
[PlyCount "123"]

1.d4 e6 2.c4 Nf6 3.Nc3 Bb4 4.a3 Bxc3+ 5.bxc3 c5 6.e3 b6 7.Bd3 Nc6 8.Ne2 
O-O 9.O-O Ba6 10.Ng3 Na5 11.Qe2 d5 12.cxd5 Bxd3 13.Qxd3 Qxd5 14.e4 Qc4 15.
Qxc4 Nxc4 16.Bg5 Nd7 17.Rfd1 f6 18.Be3 Rfd8 19.Kf1 b5 20.Ke2 Ndb6 21.Nf1 
Na4 22.Rdc1 Nxc3+ 23.Rxc3 cxd4 24.Rb3 dxe3 25.Nxe3 Rd2+ 26.Kf3 Ne5+ 27.Kg3
a6 28.Rc1 Rad8 29.f4 Nf7 30.Kf3 Kf8 31.Rc6 R8d6 32.Rc8+ Ke7 33.Rbc3 R2d3 
34.h4 Rxc3 35.Rxc3 Kd7 36.g4 Rd4 37.g5 Nd6 38.e5 Ne4 39.exf6 gxf6 40.Nc2 
Nxc3 41.Nxd4 fxg5 42.fxg5 e5 43.Nb3 Ke7 44.h5 Nb1 45.Ke4 Nxa3 46.Kxe5 Nc4+
47.Kd5 Ne3+ 48.Ke4 Nc4 49.Kd5 Ne3+ 50.Ke4 Nc2 51.Na5 Kf8 52.Nc6 Kg7 53.Kd3
Na3 54.Kc3 Nc4 55.Kb4 Nd6 56.Nd4 Ne4 57.Nf5+ Kf7 58.g6+ hxg6 59.hxg6+ Kxg6
60.Nd4 Kf6 61.Nxb5 axb5 62.Kxb5 1/2-1/2

[Event "11th EUR-ch"]
[Site "Rijeka CRO"]
[Date "2010.03.11"]
[Round "6"]
[White "Maevsky, Nikolay"]
[Black "Zueger, Beat"]
[Result "1-0"]
[WhiteElo "2275"]
[BlackElo "2425"]
[EventDate "2010.03.06"]
[PlyCount "81"]

1.d4 Nf6 2.c4 c5 3.d5 b5 4.Nf3 g6 5.cxb5 a6 6.e3 axb5 7.Bxb5 Qa5+ 8.Nc3 
Ne4 9.a4 Bg7 10.O-O Nxc3 11.bxc3 Bxc3 12.Bd2 Ba6 13.Bxc3 Qxc3 14.Rc1 Qb4 
15.Rc4 Qxc4 16.Bxc4 Bxc4 17.Re1 d6 18.e4 f6 19.e5 fxe5 20.Nxe5 dxe5 21.Qg4
Ba6 22.Qe6 Ra7 23.Rb1 Nd7 24.d6 Kd8 25.dxe7+ Ke8 26.Rd1 Bc8 27.h3 Ra6 28.
Rd6 Rxd6 29.Qxd6 Rg8 30.Qe6 Rh8 31.a5 Bb7 32.h4 Bc8 33.f3 Bb7 34.Kf2 Bc8 
35.Kg3 c4 36.Kf2 Bb7 37.Qxc4 Kxe7 38.Qb4+ Ke6 39.Qxb7 Rb8 40.Qc6+ Ke7 41.
Kg3 1-0

[Event "11th EUR-ch"]
[Site "Rijeka CRO"]
[Date "2010.03.11"]
[Round "6"]
[White "Malakhov, Igor"]
[Black "Nakar, Eylon"]
[Result "0-1"]
[WhiteElo "2425"]
[BlackElo "2264"]
[EventDate "2010.03.06"]
[PlyCount "106"]

1.g3 e5 2.c4 d6 3.Bg2 f5 4.Nc3 Nf6 5.Nh3 Be7 6.f4 O-O 7.O-O c6 8.d3 Na6 9.
Rb1 e4 10.dxe4 fxe4 11.Nf2 d5 12.cxd5 cxd5 13.Be3 Be6 14.Qd2 Nb4 15.Nb5 
Nc6 16.Nd4 Bd7 17.b4 a5 18.b5 Nxd4 19.Bxd4 Bb4 20.Qe3 Qe7 21.Rfd1 Be6 22.
h3 h5 23.Rdc1 Rac8 24.Rxc8 Rxc8 25.Rc1 Qd8 26.a4 Rc7 27.Nd1 Qc8 28.Rxc7 
Qxc7 29.Qb3 Bf7 30.Qb2 h4 31.Be5 Qc5+ 32.Bd4 Qc7 33.Be5 Qb6+ 34.Bd4 Bc5 
35.Bxc5 Qxc5+ 36.e3 hxg3 37.Qc3 Nd7 38.Qxc5 Nxc5 39.Nc3 Kf8 40.Bf1 Nb3 41.
b6 Ke7 42.Ba6 Nc5 43.Bb5 Nd7 44.Kg2 Nxb6 45.Kxg3 Kd6 46.Ne2 Nc4 47.Bxc4 
dxc4 48.Nc3 Kc5 49.Nxe4+ Kb4 50.Kf2 c3 51.Ke1 Kb3 52.Nc5+ Kb2 53.Nd3+ Kb1 
0-1

[Event "11th EUR-ch"]
[Site "Rijeka CRO"]
[Date "2010.03.11"]
[Round "6"]
[White "Loncar, Robert"]
[Black "Gebigke, Martin"]
[Result "1-0"]
[WhiteElo "2424"]
[BlackElo "2232"]
[EventDate "2010.03.06"]
[PlyCount "63"]

1.Nf3 d5 2.c4 e6 3.d4 Nf6 4.Nc3 Be7 5.Bg5 O-O 6.e3 Nbd7 7.cxd5 exd5 8.Qc2 
c6 9.Bd3 Re8 10.O-O Nf8 11.h3 Nh5 12.Bxe7 Qxe7 13.Rab1 g6 14.b4 Qf6 15.Ne5
Be6 16.f4 Ng3 17.Rf3 Nf5 18.Ng4 Qg7 19.Qf2 a5 20.bxa5 Rxa5 21.Rxb7 c5 22.
Bxf5 gxf5 23.Ne5 Rea8 24.Rg3 Ng6 25.h4 Ra3 26.Qd2 Qh6 27.dxc5 Qxh4 28.Rh3 
Qf6 29.Nxd5 Bxd5 30.Qxd5 Nxe5 31.fxe5 Qg6 32.Rg3 1-0

[Event "11th EUR-ch"]
[Site "Rijeka CRO"]
[Date "2010.03.11"]
[Round "6"]
[White "Pancevski, Filip"]
[Black "Juranic, Bruno"]
[Result "1-0"]
[WhiteElo "2423"]
[BlackElo "2220"]
[EventDate "2010.03.06"]
[PlyCount "59"]

1.e4 c5 2.Nf3 e6 3.d3 Nc6 4.g3 g6 5.Bg2 Bg7 6.O-O Nge7 7.c3 O-O 8.Re1 d6 
9.Nbd2 e5 10.a3 a6 11.b4 b5 12.Nb3 a5 13.bxc5 a4 14.cxd6 Qxd6 15.Nbd2 Qxd3
16.Bb2 Qd6 17.c4 b4 18.axb4 Qxb4 19.Ba3 Qa5 20.Bd6 Rd8 21.c5 Be6 22.Ng5 
Bh6 23.Nxe6 Bxd2 24.Nxd8 Bxe1 25.Nxc6 Nxc6 26.Qxe1 Qxe1+ 27.Rxe1 a3 28.Ra1
Nd4 29.c6 a2 30.c7 1-0

[Event "11th EUR-ch"]
[Site "Rijeka CRO"]
[Date "2010.03.11"]
[Round "6"]
[White "Dimitrijevic, Darko"]
[Black "Piscopo, Pierluigi"]
[Result "0-1"]
[WhiteElo "2272"]
[BlackElo "2418"]
[EventDate "2010.03.06"]
[PlyCount "38"]

1.c4 e5 2.g3 Nc6 3.Bg2 f5 4.Nc3 Nf6 5.a3 d6 6.e3 Be6 7.Qb3 e4 8.d4 Na5 9.
Qa4+ c6 10.d5 Bd7 11.dxc6 Nxc6 12.Qc2 Ne5 13.Nge2 Nd3+ 14.Kf1 Rc8 15.b3 d5
16.f3 Bd6 17.cxd5 Nxd5 18.Qd2 Nxc3 19.Nxc3 Qf6 0-1

[Event "11th EUR-ch"]
[Site "Rijeka CRO"]
[Date "2010.03.11"]
[Round "6"]
[White "Cucancic, Sinisa"]
[Black "Jakovljevic, Vlado"]
[Result "1/2-1/2"]
[WhiteElo "2271"]
[BlackElo "2412"]
[EventDate "2010.03.06"]
[PlyCount "116"]

1.e4 c5 2.Nf3 d6 3.d4 cxd4 4.Nxd4 Nf6 5.Nc3 a6 6.Bg5 e6 7.Qd2 b5 8.f3 h6 
9.Bxf6 Qxf6 10.O-O-O Qd8 11.Kb1 Be7 12.f4 Qb6 13.Be2 Nc6 14.Nxc6 Qxc6 15.
e5 d5 16.Bf3 Bb7 17.f5 O-O-O 18.fxe6 fxe6 19.Ne2 Qb6 20.Nd4 Kb8 21.Bg4 Bc8
22.Qc3 Bc5 23.Nxe6 Bxe6 24.Bxe6 d4 25.Qb3 Rhe8 26.Bg4 Rxe5 27.Rhe1 Rxe1 
28.Rxe1 d3 29.Re6 dxc2+ 30.Qxc2 Bd6 31.a3 Qg1+ 32.Ka2 Qd4 33.Re4 Qd5+ 34.
Ka1 Qc5 35.Qb3 Be5 36.Re2 Qc1+ 37.Ka2 Bf6 38.Rc2 Qe3 39.Bf3 Qe5 40.g3 Rc8 
41.Rd2 Rd8 42.Re2 Qd4 43.Re6 Rd6 44.Re4 Qd3 45.Re8+ Kc7 46.Bg4 Qxb3+ 47.
Kxb3 Rd4 48.Bh5 Rd5 49.Bg4 h5 50.Rc8+ Kb6 51.Be2 Re5 52.Rc2 a5 53.Rd2 a4+ 
54.Ka2 h4 55.gxh4 Bxh4 56.Bg4 Bf6 57.Rc2 Ka5 58.Bd7 Rd5 1/2-1/2

[Event "11th EUR-ch"]
[Site "Rijeka CRO"]
[Date "2010.03.11"]
[Round "6"]
[White "Rukavina, Josip"]
[Black "Civric, Zdravko"]
[Result "1-0"]
[WhiteElo "2409"]
[BlackElo "2207"]
[EventDate "2010.03.06"]
[PlyCount "87"]

1.c4 Nf6 2.Nc3 d5 3.cxd5 Nxd5 4.d4 g6 5.Bd2 Bg7 6.e4 Nxc3 7.Bxc3 O-O 8.Bc4
c5 9.d5 Bxc3+ 10.bxc3 Qa5 11.Qd2 Nd7 12.Ne2 Ne5 13.Bb3 Bg4 14.f4 c4 15.
fxe5 cxb3 16.Nd4 Rac8 17.Nxb3 Qa4 18.O-O Rc4 19.Nd4 b5 20.a3 Qa5 21.e6 
Qxc3 22.Qxc3 Rxc3 23.h3 Rd3 24.Nc6 Be2 25.exf7+ Rxf7 26.Rxf7 Kxf7 27.Kf2 
Rd1 28.Rxd1 Bxd1 29.Nxa7 Ba4 30.Ke3 Kf6 31.Nc6 e5 32.dxe6 Kxe6 33.Kd4 Bd1 
34.Kc5 Kf6 35.Kd6 g5 36.Nd4 g4 37.hxg4 Kg5 38.e5 Kxg4 39.e6 Kg3 40.Nf5+ 
Kf2 41.e7 Bh5 42.g4 Bf7 43.Ke5 Kf3 44.g5 1-0

[Event "11th EUR-ch"]
[Site "Rijeka CRO"]
[Date "2010.03.11"]
[Round "6"]
[White "Reutsky, Sergei"]
[Black "Kostanjsek, Zorko"]
[Result "1/2-1/2"]
[WhiteElo "2404"]
[BlackElo "2204"]
[EventDate "2010.03.06"]
[PlyCount "88"]

1.d4 d5 2.c4 c6 3.Nc3 Nf6 4.Nf3 dxc4 5.a4 Bf5 6.e3 Bd3 7.Bxd3 cxd3 8.Qxd3 
e6 9.O-O Be7 10.e4 O-O 11.Rd1 Qa5 12.Bg5 h6 13.Bh4 Re8 14.Ne5 Nbd7 15.Nc4 
Qh5 16.Bg3 Rad8 17.Qc2 Qg6 18.Na5 Rb8 19.Bxb8 Rxb8 20.Qd3 e5 21.Qg3 Qh5 
22.dxe5 Qxe5 23.Qxe5 Nxe5 24.Nb3 g5 25.h3 Kh7 26.a5 h5 27.Nd4 Kg6 28.Rac1 
a6 29.Nf5 Bb4 30.h4 g4 31.Ng3 Bxa5 32.Nce2 Bc7 33.Nf4+ Kh6 34.Nd5 cxd5 35.
Rxc7 dxe4 36.Re7 Nc4 37.Nxe4 Nxe4 38.Rxe4 b5 39.b3 Na5 40.Rd6+ Kg7 41.b4 
Nc4 42.Rxa6 Rd8 43.Ra7 Rd1+ 44.Kh2 Nd2 1/2-1/2

[Event "11th EUR-ch"]
[Site "Rijeka CRO"]
[Date "2010.03.11"]
[Round "6"]
[White "Bente, Bjorn"]
[Black "Martic, Zlatko"]
[Result "0-1"]
[WhiteElo "2245"]
[BlackElo "2404"]
[EventDate "2010.03.06"]
[PlyCount "90"]

1.c4 Nf6 2.g3 g6 3.Bg2 Bg7 4.Nc3 O-O 5.d4 d6 6.Nf3 Nc6 7.O-O Bg4 8.d5 Na5 
9.Nd4 Bd7 10.Qd3 c5 11.Nb3 Ng4 12.f4 a6 13.h3 Nh6 14.Nxa5 Qxa5 15.Bd2 Qc7 
16.Kh2 b5 17.b3 f5 18.Rae1 b4 19.Nd1 a5 20.Nf2 a4 21.e4 axb3 22.axb3 fxe4 
23.Nxe4 Nf5 24.Ng5 Qd8 25.Nf3 Ra2 26.Bc1 Qe8 27.Re2 Rxe2 28.Qxe2 Qf7 29.
Re1 Bc3 30.Bd2 Nd4 31.Nxd4 cxd4 32.Rd1 Bf5 33.Bc1 Ra8 34.g4 Bb1 35.f5 Ra2 
36.Bd2 d3 37.Qe3 Qf6 38.Rxb1 Rxd2 39.Kh1 Qe5 40.Qxe5 Bxe5 41.fxg6 hxg6 42.
Be4 Rh2+ 43.Kg1 d2 44.Bxg6 Rxh3 45.Bc2 Rc3 0-1

[Event "11th EUR-ch"]
[Site "Rijeka CRO"]
[Date "2010.03.11"]
[Round "6"]
[White "Bakin, Alexander"]
[Black "Berkovich, Mark"]
[Result "1/2-1/2"]
[WhiteElo "2232"]
[BlackElo "2401"]
[EventDate "2010.03.06"]
[PlyCount "70"]

1.e4 e5 2.Nf3 Nc6 3.Bb5 Nge7 4.Nc3 Ng6 5.d4 exd4 6.Nxd4 Nxd4 7.Qxd4 c6 8.
Be2 Qb6 9.Be3 Qxb2 10.O-O Qb4 11.Bc4 Qd6 12.f4 Qxd4 13.Bxd4 b5 14.Be2 d6 
15.g3 Bd7 16.h4 b4 17.Nd1 Be7 18.Ne3 Nf8 19.Rad1 Ne6 20.Ba1 Nc5 21.Bf3 O-O
22.Nc4 Nb7 23.f5 Rfd8 24.Kg2 Be8 25.Kh3 Rac8 26.Ne3 Nc5 27.g4 Nd7 28.g5 
Ne5 29.Ng4 Nxg4 30.Bxg4 f6 31.h5 h6 32.g6 c5 33.Be2 c4 34.Rd4 Bb5 35.c3 
bxc3 1/2-1/2

[Event "11th EUR-ch"]
[Site "Rijeka CRO"]
[Date "2010.03.11"]
[Round "6"]
[White "Nedilko, Vasyl"]
[Black "Jelecevic, Ivo"]
[Result "1-0"]
[WhiteElo "2400"]
[BlackElo "2203"]
[EventDate "2010.03.06"]
[PlyCount "69"]

1.d4 d5 2.c4 c6 3.Nf3 Nf6 4.Nc3 e6 5.e3 Nbd7 6.Bd3 dxc4 7.Bxc4 b5 8.Bd3 
Bd6 9.O-O Bb7 10.a3 a5 11.Qc2 O-O 12.Rd1 Qc7 13.e4 e5 14.Ne2 c5 15.dxe5 
Nxe5 16.Nxe5 Bxe5 17.f4 c4 18.fxe5 Qb6+ 19.Kf1 cxd3 20.Qxd3 Ng4 21.Nd4 
Nxe5 22.Qg3 Rae8 23.Nf5 Ng6 24.Nd6 Re6 25.Be3 Qa6 26.Bc5 Ra8 27.Rd4 Rf6+ 
28.Kg1 Nf4 29.Rd2 Qc6 30.Nxb7 Qxb7 31.Bd4 Qxe4 32.Bxf6 Nh5 33.Qf3 Qxf3 34.
gxf3 Nxf6 35.Rad1 1-0

[Event "11th EUR-ch"]
[Site "Rijeka CRO"]
[Date "2010.03.11"]
[Round "6"]
[White "Lekic, Dusan"]
[Black "Hartung, Jerry"]
[Result "1-0"]
[WhiteElo "2396"]
[BlackElo "2191"]
[EventDate "2010.03.06"]
[PlyCount "55"]

1.d4 Nf6 2.c4 g6 3.Nc3 d5 4.cxd5 Nxd5 5.e4 Nxc3 6.bxc3 Bg7 7.Nf3 c5 8.Rb1 
O-O 9.Be2 Nc6 10.d5 Bxc3+ 11.Bd2 Bxd2+ 12.Qxd2 Nd4 13.Nxd4 cxd4 14.Qxd4 e6
15.d6 Qg5 16.O-O e5 17.f4 exf4 18.d7 Rd8 19.dxc8=Q Raxc8 20.Qb2 Rc6 21.
Qxb7 Rc2 22.Rb5 Qh4 23.Rb2 Rdd2 24.Rxc2 Rxc2 25.Bd1 Rd2 26.Bb3 Qf6 27.Qb8+
Kg7 28.Qxf4 1-0

[Event "11th EUR-ch"]
[Site "Rijeka CRO"]
[Date "2010.03.11"]
[Round "6"]
[White "Plat, Vojtech"]
[Black "Barlocco, Carlo"]
[Result "1-0"]
[WhiteElo "2395"]
[BlackElo "2173"]
[EventDate "2010.03.06"]
[PlyCount "118"]

1.Nf3 Nf6 2.c4 Nc6 3.Nc3 e6 4.d4 Bb4 5.Bg5 h6 6.Bd2 d6 7.e3 O-O 8.Qc2 e5 
9.O-O-O Bg4 10.d5 Ne7 11.Bd3 c6 12.e4 cxd5 13.exd5 Qd7 14.h3 Bf5 15.Bxf5 
Qxf5 16.Qxf5 Nxf5 17.g4 Ne7 18.Nb5 Bxd2+ 19.Nxd2 Rfd8 20.Nc3 Rac8 21.Kb1 
Ng6 22.b3 Kf8 23.Nde4 Nxe4 24.Nxe4 Nf4 25.Rd2 Ke7 26.h4 b6 27.Kb2 g6 28.
Ng3 Rf8 29.a4 a5 30.h5 gxh5 31.Nxh5 Nxh5 32.Rxh5 Rh8 33.f3 Rcg8 34.Rdh2 
Rg6 35.g5 f5 36.Rxh6 Rgxh6 37.gxh6 Kf6 38.b4 axb4 39.Kb3 Kg5 40.h7 Kf4 41.
Rh3 e4 42.fxe4 Kxe4 43.Kxb4 f4 44.Kc3 f3 45.Kd2 Kf4 46.Ke1 Kg4 47.Rh6 Kg3 
48.Kf1 f2 49.Rg6+ Kf3 50.Rg7 Ke3 51.a5 bxa5 52.c5 a4 53.c6 a3 54.c7 a2 55.
Rg3+ Kd4 56.Ra3 Rxh7 57.c8=Q a1=Q+ 58.Rxa1 Rh1+ 59.Kxf2 Rxa1 1-0

[Event "11th EUR-ch"]
[Site "Rijeka CRO"]
[Date "2010.03.11"]
[Round "6"]
[White "Zaslavsky, Mikhail"]
[Black "Sikanjic, Bojan"]
[Result "1-0"]
[WhiteElo "2391"]
[BlackElo "2170"]
[EventDate "2010.03.06"]
[PlyCount "87"]

1.Nf3 Nf6 2.d4 g6 3.Bg5 Bg7 4.Nbd2 c5 5.dxc5 Na6 6.e4 Nxc5 7.Bd3 O-O 8.O-O
d6 9.Qe2 b6 10.c3 Nxd3 11.Qxd3 Qc7 12.Rfe1 Bb7 13.a4 a6 14.h3 Rfe8 15.Qe3 
Nd7 16.Bh6 Nc5 17.Bxg7 Kxg7 18.b4 Nd7 19.a5 Rec8 20.c4 bxa5 21.Rxa5 Qb6 
22.Qa3 Kg8 23.Rc1 Nb8 24.c5 dxc5 25.bxc5 Qd8 26.Ra4 Bc6 27.Rd4 Qc7 28.Qe3 
Kg7 29.e5 a5 30.Rh4 Rh8 31.Nd4 h6 32.e6 f6 33.Rg4 Kh7 34.f4 Na6 35.h4 h5 
36.Rg3 Rhg8 37.f5 gxf5 38.Nxf5 Rxg3 39.Nxg3 Rg8 40.Nde4 Bxe4 41.Qxe4+ Kh8 
42.Nf5 Nb4 43.Qf3 Rg4 44.Rc4 1-0

[Event "11th EUR-ch"]
[Site "Rijeka CRO"]
[Date "2010.03.11"]
[Round "6"]
[White "Kreisl, Robert"]
[Black "Demel, Paul"]
[Result "1-0"]
[WhiteElo "2389"]
[BlackElo "2155"]
[EventDate "2010.03.06"]
[PlyCount "77"]

1.e4 c5 2.Nf3 d6 3.d4 cxd4 4.Nxd4 Nf6 5.Nc3 a6 6.Be2 e5 7.Nb3 Be7 8.O-O 
O-O 9.a4 Nc6 10.Bg5 Be6 11.Bxf6 Bxf6 12.Nd5 Bxd5 13.Qxd5 Qc7 14.c3 Ne7 15.
Qd3 Rfd8 16.Rfd1 d5 17.exd5 Nxd5 18.Qc4 Qxc4 19.Bxc4 Nb6 20.Rxd8+ Rxd8 21.
Be2 Kf8 22.a5 Nc8 23.Bf3 Nd6 24.Nc5 Ke7 25.Nxb7 Rb8 26.Nxd6 Kxd6 27.Ra2 
Kc5 28.Be2 Ra8 29.Kf1 e4 30.Ra4 Rb8 31.Rc4+ Kd5 32.b4 Ra8 33.Ke1 Be5 34.h3
f5 35.Kd2 Rd8 36.Kc2 Rd6 37.Rc8 Bf4 38.g3 Bh6 39.b5 1-0

[Event "11th EUR-ch"]
[Site "Rijeka CRO"]
[Date "2010.03.11"]
[Round "6"]
[White "Beletic, Daniel"]
[Black "Schmidt, Raul"]
[Result "1/2-1/2"]
[WhiteElo "2232"]
[BlackElo "2387"]
[EventDate "2010.03.06"]
[PlyCount "63"]

1.Nf3 Nf6 2.c4 g6 3.d4 Bg7 4.g3 O-O 5.Bg2 d6 6.Nc3 Nc6 7.d5 Na5 8.Nd2 Nd7 
9.Qc2 Ne5 10.b3 c6 11.Bb2 cxd5 12.Nxd5 Bf5 13.e4 Bd7 14.O-O e6 15.Nc3 Nac6
16.Ne2 b5 17.Bc3 Rc8 18.Rad1 Qb6 19.cxb5 Nb4 20.Qb1 Bxb5 21.Bxe5 Bxe5 22.
Nc4 Rxc4 23.bxc4 Bxc4 24.Rd2 Nxa2 25.Qc2 Qc5 26.Rb1 a5 27.Qa4 Nb4 28.Rc1 
Qb5 29.Qxb5 Bxb5 30.Nd4 Rb8 31.Nxb5 Rxb5 32.f4 1/2-1/2

[Event "11th EUR-ch"]
[Site "Rijeka CRO"]
[Date "2010.03.11"]
[Round "6"]
[White "Platzgummer, Fabian"]
[Black "Milonakis, Georgios"]
[Result "1/2-1/2"]
[WhiteElo "2383"]
[BlackElo "2154"]
[EventDate "2010.03.06"]
[PlyCount "65"]

1.Nf3 Nf6 2.c4 g6 3.Nc3 Bg7 4.g3 O-O 5.Bg2 d6 6.d4 Nc6 7.O-O a6 8.d5 Na5 
9.b3 c5 10.dxc6 bxc6 11.Bb2 c5 12.Re1 Rb8 13.Qc2 Bb7 14.e4 Nd7 15.Rad1 Nc6
16.Nd5 Bxb2 17.Qxb2 e5 18.Qd2 Nd4 19.Qh6 f6 20.Nxd4 cxd4 21.f4 Bxd5 22.
exd5 a5 23.h4 a4 24.f5 gxf5 25.Bh3 Nc5 26.Bxf5 Qc7 27.Rb1 axb3 28.axb3 Rb4
29.Kh2 Qg7 30.Qh5 Rfb8 31.g4 Qf7 32.Qh6 Qg7 33.Qh5 1/2-1/2

[Event "11th EUR-ch"]
[Site "Rijeka CRO"]
[Date "2010.03.11"]
[Round "6"]
[White "Mihalinec, Damir"]
[Black "Pavlidis, Antonios"]
[Result "0-1"]
[WhiteElo "2232"]
[BlackElo "2376"]
[EventDate "2010.03.06"]
[PlyCount "78"]

1.e4 c5 2.Nf3 e6 3.Nc3 Nc6 4.d4 cxd4 5.Nxd4 Qc7 6.Ndb5 Qb8 7.Be3 a6 8.Bb6 
axb5 9.Nxb5 Bb4+ 10.c3 Ba5 11.Nc7+ Qxc7 12.Bxc7 Bxc7 13.Qg4 Be5 14.f4 Nf6 
15.Qf3 Bc7 16.Bd3 e5 17.f5 O-O 18.g4 d5 19.g5 dxe4 20.Bxe4 Nxe4 21.Qxe4 g6
22.f6 Bf5 23.Qc4 Rfd8 24.a3 Bd3 25.Qh4 h5 26.gxh6 Kh7 27.O-O-O e4 28.Rhe1 
Re8 29.Re3 Ne5 30.Qg5 Bb6 31.Rg3 Rad8 32.h4 Bf2 33.Rh3 Nf3 34.Qf4 Rd5 35.
Rxd3 Rxd3 36.Rxf3 Rxf3 37.Qc7 Rxf6 38.h5 gxh5 39.Qd7 Ree6 0-1

[Event "11th EUR-ch"]
[Site "Rijeka CRO"]
[Date "2010.03.11"]
[Round "6"]
[White "Mazi, Leon"]
[Black "Welz, Peter"]
[Result "1/2-1/2"]
[WhiteElo "2375"]
[BlackElo "2148"]
[EventDate "2010.03.06"]
[PlyCount "94"]

1.e4 e6 2.d4 d5 3.Nc3 Bb4 4.e5 c5 5.a3 Bxc3+ 6.bxc3 Qc7 7.Nf3 Nc6 8.Bd3 
Bd7 9.O-O Qa5 10.Bd2 c4 11.Be2 O-O-O 12.Ng5 Rf8 13.f4 f5 14.a4 h6 15.Nf3 
Nge7 16.Qc1 Rfg8 17.Qa3 Ng6 18.Rfb1 Nf8 19.Be3 Qd8 20.a5 Qe7 21.Qb2 Nd8 
22.Qa2 Bc6 23.Bc1 g5 24.Ba3 Qg7 25.Bd6 gxf4 26.Bf1 Nd7 27.Qa3 Rh7 28.Ra2 
h5 29.Qc1 Qg4 30.Kh1 h4 31.h3 Qg3 32.Qe1 Nf7 33.Ba3 Ng5 34.Qxg3 fxg3 35.
Nxg5 Rxg5 36.Be2 Rg8 37.Kg1 Nf8 38.Kf1 Ng6 39.Bf3 Nh8 40.Bc1 Nf7 41.Bf4 
Ng5 42.Ke2 Rhg7 43.Bxg5 Rxg5 44.Ke3 R5g7 45.Kf4 Kb8 46.Rab2 Be8 47.Rb4 Bc6
1/2-1/2

[Event "11th EUR-ch"]
[Site "Rijeka CRO"]
[Date "2010.03.11"]
[Round "6"]
[White "Sheskin, Matan"]
[Black "Jacobsen, Bo"]
[Result "1-0"]
[WhiteElo "2207"]
[BlackElo "2375"]
[EventDate "2010.03.06"]
[PlyCount "83"]

1.e4 e5 2.Nf3 Nc6 3.Bb5 Nf6 4.O-O d6 5.Re1 Bd7 6.d4 Be7 7.Nc3 exd4 8.Nxd4 
O-O 9.a4 Re8 10.a5 a6 11.Nxc6 bxc6 12.Bd3 Ng4 13.h3 Ne5 14.Bf1 Ng6 15.Be3 
Bg5 16.Qd2 Bxe3 17.Qxe3 f5 18.Qd4 f4 19.Ra3 Qg5 20.Nb1 Re5 21.Qb4 Nh4 22.
Nd2 Rae8 23.Nf3 Nxf3+ 24.Rxf3 d5 25.Qd2 Rxe4 26.Rxe4 Rxe4 27.Bxa6 Qe5 28.
Qc3 d4 29.Bc4+ Kf8 30.Qa3+ c5 31.a6 Re1+ 32.Kh2 Bc6 33.a7 Ba8 34.Qa6 Qf5 
35.Bd3 Qf7 36.Qc8+ Re8 37.Qg4 h5 38.Qg5 Bxf3 39.gxf3 Ra8 40.Be4 c6 41.Bxc6
Qxa7 42.Qf5+ 1-0

[Event "11th EUR-ch"]
[Site "Rijeka CRO"]
[Date "2010.03.11"]
[Round "6"]
[White "Pogosian, Vladimir"]
[Black "Wintzer, Joachim"]
[Result "1/2-1/2"]
[WhiteElo "2204"]
[BlackElo "2361"]
[EventDate "2010.03.06"]
[PlyCount "130"]

1.f4 d5 2.Nf3 Bg4 3.e3 Nd7 4.c4 e6 5.cxd5 exd5 6.Be2 Bd6 7.Nc3 c6 8.O-O 
Ngf6 9.b3 O-O 10.Bb2 Re8 11.Qe1 Bxf3 12.Rxf3 d4 13.exd4 Nb6 14.Qf2 Nbd5 
15.Bd3 Nb4 16.Bf1 Bc7 17.Na4 Nbd5 18.g3 Re7 19.a3 Qd7 20.Bd3 Rae8 21.Rf1 
Qg4 22.Qg2 h5 23.h3 Qc8 24.Nc3 Bb6 25.Nxd5 Nxd5 26.g4 Re1 27.f5 Rxf1+ 28.
Rxf1 h4 29.g5 Qc7 30.Qg4 Qg3+ 31.Qxg3 hxg3 32.Kg2 Bc7 33.Bc4 b5 34.Bxd5 
cxd5 35.Kf3 Bd6 36.b4 Re4 37.d3 Rf4+ 38.Kg2 Rxf1 39.Kxf1 Bf4 40.h4 g6 41.
f6 Kf8 42.Kg2 Ke8 43.Bc3 Kd7 44.Be1 Ke6 45.Kf3 Kf5 46.Bxg3 Bc1 47.Be1 Bxa3
48.Bc3 Bc1 49.Kg3 Bf4+ 50.Kf3 Bh2 51.Kg2 Bc7 52.Kf3 Bb6 53.Kg3 a6 54.Kf3 
Bc7 55.Bd2 Bd6 56.Be1 Bb8 57.Bd2 Ba7 58.Bc3 Bb6 59.Kg3 Bc7+ 60.Kf3 Bf4 61.
Be1 Bc1 62.Bc3 Ba3 63.Kg3 Bc1 64.Kf3 Bf4 65.Be1 Bc7 1/2-1/2

[Event "11th EUR-ch"]
[Site "Rijeka CRO"]
[Date "2010.03.11"]
[Round "6"]
[White "Valsecchi, Alessio"]
[Black "Valkovic, Kristian"]
[Result "1-0"]
[WhiteElo "2360"]
[BlackElo "2027"]
[EventDate "2010.03.06"]
[PlyCount "58"]

1.e4 d6 2.Nf3 Nf6 3.Nc3 g6 4.d4 Bg7 5.Be2 O-O 6.O-O Nbd7 7.h3 e5 8.Be3 Qe7
9.dxe5 dxe5 10.Nd2 c6 11.a4 a5 12.Nb3 Rd8 13.Qc1 Qb4 14.Rd1 Nxe4 15.Nxe4 
Qxe4 16.Nc5 Qh4 17.Bg5 Qb4 18.Bxd8 Qxc5 19.Bg5 e4 20.c3 b5 21.Be3 Qe5 22.
Bf4 Qc5 23.axb5 cxb5 24.Qe3 Qc6 25.Rd6 Qb7 26.Rad1 Bf8 27.R6d5 b4 28.cxb4 
axb4 29.Qd4 Bg7 1-0